Geometric aspects of functional analysis : Israel Seminar (GAFA) 1987-88

Αποθηκεύτηκε σε:
Λεπτομέρειες βιβλιογραφικής εγγραφής
Συγγραφή απο Οργανισμό/Αρχή: Israel Seminar on Geometrical Aspects of Functional Analysis
Άλλοι συγγραφείς: Milman, Vitali D., 1939- (Επιμελητής έκδοσης), Lindenstrauss, Joram, 1936-2012 (Επιμελητής έκδοσης)
Μορφή: Πρακτικό Συνεδρίου Βιβλίο
Γλώσσα:English
Δημοσίευση: Berlin : Springer-Verlag, c1989.
Σειρά:Lecture notes in mathematics (Springer-Verlag) ; 1376
Θέματα:
Ετικέτες: Προσθήκη ετικέτας
Δεν υπάρχουν, Καταχωρήστε ετικέτα πρώτοι!

MARC

LEADER 00000cam a2200000 i 4500
001 1/28682
008 941103s1989 gw ||| | eng||
020 |a 3540513035 
035 |a 1990  |c ΠΟΛΥΡΑΚΗΣ  |l 10038135 
040 |a GR-MyUA  |b gre  |e AACR2 
041 0 |a eng 
082 0 |a 515.732 
111 2 |a Israel Seminar on Geometrical Aspects of Functional Analysis   |d (1987-1988) 
245 1 0 |a Geometric aspects of functional analysis :   |b Israel Seminar (GAFA) 1987-88 /   |c J. Lindenstrauss V.D. Milman eds.  
260 |a Berlin :   |b Springer-Verlag,   |c c1989.  
300 |a 288 σ. ;   |c 24 εκ.  
490 1 |a (Lecture notes in mathematics (Springer-Verlag)   |v ; 1376) 
500 |a This is the fourth published volume of the proceedings of the Israel Seminar on Geometric Aspects of Functional Analysis (GAFA). 
504 |a Περιέχει βιβλιογραφικές αναφορές.  
650 0 0 |a Banach spaces  |x Congresses. 
650 0 0 |a Functional analysis  |x Congresses. 
650 0 0 |a Geometry  |x Congresses. 
700 1 |a Milman, Vitali D.,   |d 1939-  |e edt 
700 1 |a Lindenstrauss, Joram,   |d 1936-2012,  |e edt 
830 0 |a Lecture notes in mathematics (Springer-Verlag)  |v  ; 1376 
852 |a INST  |b SAMOS  |e 19941103  |h 515.732 ISR  |p 005300001307  |q 005300001307  |t BK  |y 4  |x 20210906 
909 |a Σ  |b 016921